00865cam a2200241 a 4500008004100000020002200041245009700063260004600160300003500206440006100241504004100302500002000343650004100363650003700404650004300441650003900484700002300523700001300546710003700559003000100596005001700597040000900614  a0198577168 (hbk.)00aBryophytes, their chemistry and chemical taxonomy /cedited by H.D. Zinsmeister and R. Mues. aOxford :bOxford University Press,c1990. axiii, 470 p. :bill. ;c24 cm. 0aProceedings of the Phytochemical Society of Europe ;v29 aIncludes bibliographical references. aIncludes index. 0aBryophytesxCompositionvCongresses. 0aBotanical chemistryvCongresses. 0aBryophytesxChemotaxonomyvCongresses. aBryophytesaTaxonomyaBiochemistry1 aZinsmeister, H. D.1 aMues, R.2 aPhytochemical Society of Europe.20230123134023.0 cNUST